Электромагнитное поле: в 2 ч.
| Hlavní autor: | |
|---|---|
| Další autoři: | |
| Jazyk: | ruština |
| Vydáno: |
Новосибирск, Наука, 1987-
|
| Médium: | MixedMaterials Kniha |
| KOHA link: | https://koha.lib.tpu.ru/cgi-bin/koha/opac-detail.pl?biblionumber=99288 |
MARC
| LEADER | 00000nam1a2200000 4500 | ||
|---|---|---|---|
| 001 | 99288 | ||
| 005 | 20231031111631.0 | ||
| 035 | |a (RuTPU)RU\TPU\book\106520 | ||
| 090 | |a 99288 | ||
| 100 | |a 20060630d1987 m y0rusy50 ca | ||
| 101 | 0 | |a rus | |
| 102 | |a RU | ||
| 200 | 1 | |a Электромагнитное поле |e в 2 ч. |f И. Н. Мешков, Б. В. Чириков | |
| 210 | |a Новосибирск |c Наука |d 1987- | ||
| 675 | |a 537.811 |v 3 | ||
| 700 | 1 | |a Мешков |b И. Н. |g Игорь Николаевич | |
| 701 | 1 | |a Чириков |b Б. В. |g Борис Валерианович | |
| 801 | 1 | |a RU |b 63413507 |c 20060630 |g PSBO | |
| 942 | |c BK | ||